MDQL
is popping MORE tags! Check the
thread
!
Quizzes
Events
Quiz Creation
Community
Videos
Private Events
Remove Ads
Sign In
Join for FREE
Feedback
Dark Mode
Quiz Categories
Sports
Geography
Music
Movies
Television
Just For Fun
Miscellaneous
History
Literature
Language
Science
Gaming
Entertainment
Religion
Holiday
For Kids
Quiz Lab
Recent
Popular Today
Quiz Kudos Today
Editor Picks
Curator Picks
Quizzes by...
Day
Popularity
Type
Ratings
Length
Year
Community
Subscriptions
Recent Discussions
Orange Saloon
Badges
Playlists
Quests
Create
Leaderboards
Showdown
Live 5
Trivia Bingo
Activity
Puzzle Library
Sporcle Events
Private Events
Virtual Trivia
Globe League
Become a Host
Pub Owners
SporcleCon
Opinionation
Our Games
Videos
Blog
Mobile Apps
Partnerships
Remove Ads and Go Orange
Feedback
Sports
Athletes
MLB
NBA
NHL
NFL
Soccer
Sports Teams
WWE
NCAA
Football
Premier League
Basketball
Baseball
Hockey
Golf
Tennis
Cricket
Rugby
Auto Racing
Olympics
World Cup
Sports
Athletes
MLB
NBA
NHL
NFL
Soccer
Sports Teams
WWE
NCAA
Football
Premier League
Basketball
Baseball
Hockey
Golf
Tennis
Cricket
Rugby
Auto Racing
Olympics
World Cup
Random Quiz
Search Sporcle
×
Quiz Lab
Quiz Lab
Sports
League
Type in answers that appear in a list
Type in answers that appear in a list
Classic
Best Score? Go Orange.
Most First Overall Draft Picks Stats
Can you name the teams that have had the most first overall draft picks (4 major sports)?
By
chrisofspades
5m
50 Questions
346 Plays
346 Plays
346 Plays
Comments
Comments
Give Quiz Kudos
Give Quiz Kudos
-
- Ratings
hide this ad
More Info
Replay
Link that replays current quiz
Next Quiz
Link to next quiz in quiz playlist
You Got
0%
They Got
Avg Score
40%
Avg Friend Score
Upgrade to see
Score Distribution
Jump to the score distribution portion of the page
Score
0/50
Timer
05:00
0
Plays Today
# of First Overall Picks
Team
% Correct
NFL
Detroit Lions
76%
NBA
Los Angeles Clippers
74.9%
NBA
Orlando Magic
70.6%
NHL
Edmonton Oilers
70.6%
NFL
Cleveland Browns
69.9%
NBA
Los Angeles Lakers
66.5%
MLB
Tampa Bay Rays
63.9%
NFL
Los Angeles Rams
63.9%
NFL
Indianapolis Colts
61.3%
NFL
Houston Texans
58.8%
NFL
Arizona Cardinals
55.8%
NFL
New England Patriots
54.6%
NFL
Dallas Cowboys
54.6%
NBA
New York Knicks
54.3%
NFL
Cincinnati Bengals
53.8%
NBA
Orlando Magic
53.5%
NHL
Pittsburgh Penguins
53.5%
NBA
Philadelphia 76ers
52.9%
MLB
Houston Astros
52.9%
MLB
Pittsburgh Pirates
52.6%
NFL
San Francisco 49ers
52%
NBA
Sacramento Kings
51.2%
NHL
New York Islanders
50.9%
NHL
Boston Bruins
48.6%
NBA
Cleveland Cavaliers
48.3%
# of First Overall Picks
Team
% Correct
NFL
Buffalo Bills
48%
NFL
Pittsburgh Steelers
47.4%
NHL
Montreal Canadiens
47.1%
NFL
Tampa Bay Buccaneers
46.8%
NFL
Philadelphia Eagles
46.8%
NBA
Houston Rockets
45.4%
NHL
Detroit Red Wings
45.4%
MLB
New York Mets
43.9%
NFL
Atlanta Falcons
43.9%
NBA
Portland Trail Blazers
43.4%
NBA
Golden State Warriors
42.5%
NBA
Milwaukee Bucks
40.2%
NBA
Atlanta Hawks
38.7%
NHL
Tampa Bay Lightning
37.3%
NBA
Washington Wizards
36.1%
MLB
Seattle Mariners
35.5%
NHL
Ottawa Senators
35.5%
MLB
San Diego Padres
34.4%
NHL
Buffalo Sabres
33.3%
NHL
Dallas Stars
31.5%
NHL
Washington Capitals
30.1%
NHL
Colorado Avalanche
28.9%
MLB
Minnesota Twins
16.7%
NHL
New Jersey Devils
16.7%
NBA
Baltimore Bullets
5.8%
Quiz Playlist
Details
Report
Send in Message
Add To Playlist
More Info:
Only teams with more than 3 total picks were included.
Classic:
Type in answers that appear in a list
Quiz Source
Last Updated: Feb 16, 2017
Quiz Scoreboard
CHALLENGE
Sign Up to Join the Scoreboard
Show All
Scores
Hide
Comments
May contain spoilers
Recently Published
1-10 Letter E Words III
by El_Dandy
Language
2m
Street Fighter Characters
by Artimus82
Gaming
60s
College Basketball Coaching Resumes
by pancakes188
Sports
9m
More to Explore
Quiz From the Vault
Featured Blog Post
Where Did the Easter Bunny Come From?
hide this ad
You Might Also Like...
Tags
Draft
League
major
Overall
team
Today's Top Quizzes in Sports
Browse Sports
hide this ad
Today's Top Quizzes in League
Browse League
Top Contributed Quizzes in Sports
1
2022 World Cup Stars
2
Les meilleurs buteurs des matchs entre le PSG et l’OM
3
FIFA Club World Cup Champions
4
Les entraîneurs de l'OM et du PSG au 21e siècle
5
Criteria MLB: Left Handed Sluggers
6
2023 MLB Unique Player Accomplishments
7
AFC Teams Reveal (Wrong Answers Minefield)
8
Players with Multiple 50 Home Run Seasons
9
5-to-1: FBS Animal Nicknames
10
5-to-1: UK Sports Teams
Explore More
Trending Topics
Crossword
NBA
Disney
Marvel
Kpop
Harry Potter
Anime
WWE
The Office
NFL
Pokémon
Song
Puzzle
Soccer
Country
hide this ad
More By:
chrisofspades
Quiz
Plays
Rating
Category
Featured
Created
NBA 21 and Under All-Stars
139,324
4.52
Sports
Feb 9, 2012
Big 4 Teams on the Move
32,292
4.47
Sports
Jul 9, 2012
Family Feud Fast Money
26,581
4.58
Just For Fun
Aug 8, 2017
Family Feud Fast Money II
7,145
Just For Fun
Jun 11, 2021
3 Consecutive NBA Finals Appearances
6,727
3.88
Sports
Jun 3, 2013
Go to Creator's Profile
Score Distribution
Quiz Creator Spotlight
chrisofspades
Follow
Send a Message
Quizzes Created
-
Created Quiz Play Count
-
More By This Creator
Popular Quizzes Today
1
Find the US States - No Outlines Minefield
2
Find the Countries of Europe - No Outlines Minefield
3
The Countries of the World
4
Find the US States
5
Risky Map Clicking: Biggest States A-Z
6
US States
7
Popular People in 1961
8
Movies - When Are They Set?
More Sports Quizzes
Top XIs: Liverpool (1980s)
Quiz Lab
Trending Quizzes
Risky Map Clicking: Least Populous States A-Z
USA Borders Longest to Shortest
1-10 Letter G Words
1-10 Letter F Words
Countries of the World: 200 Million BC
Recently Updated
Beyoncé Albums
pecheneg
Leaping Animals
pecheneg
Reality TV Shows (A-Z)
bhenderson79
Rickey Henderson's Hall of Fame Teammates
pecheneg
Champions League XIs: Arsenal
pecheneg
Quick Pick: Celebrities in WWE's Hall of Fame
aduchscher
A-Z Keypad Blitz II
pecheneg
Multiple Oscar Actors
pecheneg
Mystery Phrase Blitz: Oscar 'Best Actors'
pecheneg
F. Scott Fitzgerald Novels
LTH
Trending Topics
Marvel
NBA
Crossword
Harry Potter
Disney
Kpop
Anime
WWE
Pokémon
Puzzle
NFL
Country
Song
Soccer
The Office
Your Account Isn't Verified!
In order to create a playlist on Sporcle, you need to verify the email address you used during registration. Go to your
Sporcle Settings
to finish the process.
Report this User
Report this user for behavior that violates our
Community Guidelines
.
Details:
Send Report
Go to the Sporcle.com Mobile Site →
Comments